1440 1227 1110 1183 1958 1175 1837 1696 1399 1723 1727 1672 1846 1857 1672 1754 1866 1969 1074 1981 1557 1441 1181 1075 1669 1712 1325 1529 1309 1543 1661 1093 1278 1502 1213 1384 1639 1164 1962 1401 1037 1026 1496 1535 1942 1786 1375 1128 1941 1007 1114 1926 1217 1574 1329 1810 1087 1731 1392 1388 1343 1937 1052 1372 1697 1148 1772 1564 1163 1167 1113 1860 1814 1784 1855 1540 1346 1916 1542 1392 1668 1048 1613 1428 1751 1268 1572 1063 1717 1591 1019 1769 1608 1764 1974 1387 1696 1080 1048 BCNSPRNW ULIB Ver.6.0+V

เปลี่ยนเป็นภาษาไทย

Change to English
 แสดงรายละเอียดบรรณานุกรม
  กลับหน้าหลัก

Brief Record : Get Marc (ISO 2709) : E-mail record : QR code < ปิดหน้าต่าง
LEADER : 00000nam 2200000uu 4500
001    13399122405
003     ULIB
008    130328s2542||||th 000 0 tha d
099    ^aวพ.WY16^bอ579ค
100 0  ^aอัศวินี นามะกันคำ,^d2516-
245 10 ^a ความเหนื่อยหน่ายของพยาบาลประจำการที่ให้บริการปรึกษาในโรงพยาบาลชุมชนเขตภาคเหนือ =^bBurnout among staff nurses providing counselling service in community hospitals northern region /^cอัศวินี นามะกันคำ
246 31 ^aBurnout among staff nurses providing counselling service in community hospitals northern region
260    ^a^c2542
300    ^aก-ญ, 66 แผ่น ;^c30 ซม.
500    ^aSend to Single Search
502    ^aวิทยานิพนธ์ (พย.ม. (สุขภาพจิตและการพยาบาลจิตเวช))--มหาวิทยาลัยเชียงใหม่, 2542
610 24 ^aมหาวิทยาลัยเชียงใหม่^xวิทยานิพนธ์
610 24 ^aมหาวิทยาลัยเชียงใหม่. ^bคณะพยาบาลศาสตร์^xวิทยานิพนธ์
650  4 ^aโรงพยาบาลชุมชน^zไทย (ภาคเหนือ)
650  4 ^aพยาบาล^zไทย (ภาคเหนือ)
691    ^aพย.ม. (2542)
692    ^aสุขภาพจิตและการพยาบาลจิตเวช (มหาวิทยาลัยเชียงใหม่ 2542)
700 0  ^aอุบล นิวัติชัย,^eที่ปรึกษา
710 2  ^aมหาวิทยาลัยเชียงใหม่. ^bคณะพยาบาลศาสตร์
710 2  ^aมหาวิทยาลัยเชียงใหม่
945    ^p0^l0^i033632
999    ^aเกษร โพธิ์สุวรรณ
รายการนี้ยังไม่มีแท็ก
คุณยังไม่ได้ล็อกอิน คุณสามารถมีกิจกรรมร่วมกับเว็บไซต์ได้ แต่ต้องล็อกอินก่อน ::
  ล็อกอิน

รายการสื่อสารสนเทศ

ลำดับที่ ประเภท เลขเรียก/บาร์โค้ด สถานที่ สถานะ
1. วิทยานิพนธ์
วิทยานิพนธ์
วพ.WY16 อ579ค  
  Barcode: 033632
ห้องสมุดวิทยาเขตสวรรค์ประชารักษ์
►วิจัย
บนชั้น

BibComment


ยังไม่เคยถูกคอมเมนท์

คอมเมนท์ทรัพยากรรายการนี้
  คอมเมนท์: ความเหนื่อยหน่า..


 Copyright 2026. Bcnsprnw @Library